[Event "GRE-chT 49th"]
[Site "Thessaloniki"]
[Date "2022.08.13"]
[Round "3"]
[White "Chasiotis, Odysseas"]
[Black "Tzimas, Konstantinos"]
[Result "0-1"]
[WhiteElo "1365"]
[BlackElo "1176"]
[PlyCount "88"]
[EventDate "2022.08.12"]
[EventType "team-swiss"]
[EventRounds "7"]
[EventCountry "GRE"]
[SourceTitle "EXT 2024"]
[Source "ChessBase"]
[SourceDate "2023.10.10"]
[SourceVersion "1"]
[SourceVersionDate "2023.10.10"]
[SourceQuality "1"]
[WhiteTeam "Kalamarias"]
[BlackTeam "Larisas"]
[WhiteTeamCountry "GRE"]
[BlackTeamCountry "GRE"]

1. e4 c5 2. Nf3 d6 3. d4 cxd4 4. Nxd4 Nf6 5. Nc3 a6 6. Be2 e5 7. Nf3 Be7 8. Be3 Ng4 9. Bc1 0-0 10. 0-0 Nc6 11. Nd5 Be6 12. Nxe7+ Qxe7 13. Ng5 Nf6 14. Bd3 Rad8 15. c4 Nb4 16. b3 Nxd3 17. Qxd3 h6 18. Nf3 Nd7 19. Ba3 Nc5 20. Bxc5 dxc5 21. Qc3 f6 22. Rfd1 b6 23. Rd3 Rxd3 24. Qxd3 Rd8 25. Qc2 Qd7 26. Kf1 Bg4 27. Ke2 Kf7 28. h3 Qd4 29. hxg4 Qxa1 30. Nd2 Qd4 31. Nf3 Qd7 32. Nh2 b5 33. g3 Ke8 34. a3 a5 35. cxb5 Qxb5+ 36. Ke3 Qd7 37. Ke2 Qb5+ 38. Ke3 Rb8 39. b4 axb4 40. a4 Qa6 41. Kd2 c4 42. Nf3 b3 43. Qb1 Qd6+ 44. Kc1 c3 0-1

[Event "EU-chT U18"]
[Site "Thessaloniki"]
[Date "2022.07.12"]
[Round "1.9"]
[White "Chasiotis, Odysseas"]
[Black "Vagman, Roy"]
[Result "0-1"]
[WhiteElo "1371"]
[BlackElo "2180"]
[PlyCount "88"]
[EventDate "2022.07.12"]
[EventType "team-swiss"]
[EventRounds "7"]
[EventCountry "GRE"]
[SourceTitle "CBM 209 Extra"]
[Source "ChessBase"]
[SourceDate "2022.09.30"]
[SourceVersion "1"]
[SourceVersionDate "2022.09.30"]
[SourceQuality "1"]
[WhiteTeam "Greece Esth U18"]
[BlackTeam "Israel Tel Aviv U18"]
[WhiteTeamCountry "GRE"]
[BlackTeamCountry "ISR"]

1. e4 c5 2. Nf3 d6 3. d4 cxd4 4. Nxd4 Nf6 5. Nc3 Nc6 6. Nf3 e5 7. Bg5 Be7 8. Qd2 0-0 9. Bc4 Na5 10. Bd3 Be6 11. 0-0 a6 12. Rfd1 Re8 13. Be2 Qb6 14. Rab1 Rad8 15. Be3 Qc6 16. Nd5 Nc4 17. Qd3 Nxe3 18. fxe3 Bxd5 19. exd5 Qb6 20. Ng5 h6 21. Ne4 Nxe4 22. Qxe4 f5 23. Qxf5 Qxe3+ 24. Qf2 Bg5 25. Qxe3 Bxe3+ 26. Kh1 e4 27. Bg4 Bb6 28. Be6+ Kh8 29. c4 Rf8 30. Rf1 e3 31. Rf3 Rxf3 32. gxf3 Rf8 33. Kg2 Rf4 34. Re1 Rxc4 35. Re2 g5 36. b3 Rc1 37. Bf5 Kg7 38. Bd3 Kf6 39. Kg3 Rd1 40. Bc2 Rg1+ 41. Kh3 Ke5 42. Be4 Kf4 43. a3 g4+ 44. fxg4 Kxe4 0-1